| 000 | 00888nam a2200253Ia 4500 | ||
|---|---|---|---|
| 001 | 113769 | ||
| 003 | DR-UNIBE | ||
| 005 | 20250703123816.0 | ||
| 008 | 250624b2010 dr ||||| |||| 00| 0 spa d | ||
| 040 |
_cBIBLIOTECA UNIBE _erda |
||
| 082 | _aF-RD 5991 | ||
| 100 | 1 |
_aPascual, Dulce _950321 _eautor |
|
| 245 | 1 | 0 |
_aDisciplina positiva en el aula : guía para facilitadores/as / _cDulce Pascual, Ana Ingrid Diaz ; ilustracion Juan Pablo Feliz |
| 260 |
_aSanto Domingo : _bPlan, _c2010 |
||
| 300 |
_a22 páginas : _bilustraciones |
||
| 650 | 2 |
_aPremios y castigos en educación _vGuía _9196986 |
|
| 650 | 2 |
_aDisciplina escolar _98390 |
|
| 650 | 2 |
_aAutoestima _92491 |
|
| 650 | 2 |
_aMaestros _950323 |
|
| 650 | 2 |
_aEducación _vGuía _zRepública Dominicana _9196987 |
|
| 700 |
_aDíaz, Ana Ingrid _9196981 _eautor |
||
| 700 | 1 |
_aFeliz, Juan Pablo _953403 _eilustrador |
|
| 942 |
_2ddc _cMX |
||
| 999 |
_c113769 _d113769 |
||